| 000 | 01105cam a22001934a 4500 | ||
|---|---|---|---|
| 005 | 20250605164048.0 | ||
| 008 | 250528s ||||||||||||||||||||||||d | ||
| 035 | _a17175 | ||
| 020 | _a916354156 | ||
| 040 |
_aGR-AtMCL _bgre _dGR-AtMCL _eAACR2 |
||
| 245 | 1 | _aThe Anti-Samuelson / Macroeconomics Volume One: Basic Problems of the Capitalist Economy | |
| 260 |
_bUrizen Books, _c1977 |
||
| 300 | _a400 | ||
| 520 | _aThis monumental critique analyzes Samuelson's arguments step-by-step and shows the degree to which they have led to disastrous misconceptions. Preface, Basic Ideological Concepts, Introduction, Central Ideological Problems of all Economic Theories of Capitalism Based on Nonfundamental Relations of the Capitalist Mode of Production: The ''Market'' Approach, Income Distribution and Poverty, The Capitalist Firm, The Working Class and Trade Unions, The Capitalist State, Crises and Keynesianism, The Theory of National Income, Keynesianism, The Capitalist Industrial Cycle, Notes and References. | ||
| 700 | 1 |
_aLinder Marc _93330 |
|
| 942 | _cBK | ||
| 999 |
_c2610 _d2610 |
||